Statistics for million dollar man - lana del rey lyrics quiz

Click here to take the quiz!

General Stats

  • This quiz has been taken 306 times
  • The average score is 214 of 256

Answer Stats

Answer% Correct
you,
99%
you
99%
a
98%
do
98%
i
98%
the
98%
for
94%
money
94%
love
93%
one
93%
show
93%
to
93%
and
92%
go
92%
two
92%
don't
91%
honey
90%
know
90%
man
90%
million
90%
dollar
89%
get
89%
how
89%
i'm
89%
ready
89%
ready,
89%
so
89%
is
87%
me
87%
my
87%
that
87%
why
87%
like
85%
said
85%
was
84%
way?
84%
broke?
83%
heart
83%
most
83%
you're
82%
exotic
81%
flower
81%
did
80%
it
79%
look
78%
in
76%
up
76%
what
76%
holding
75%
screwed
75%
unbelievable
74%
final
73%
it's
72%
tight
71%
brilliant
70%
but
69%
over
69%
over,
69%
our
68%
as
67%
down
67%
down,
67%
hour
67%
convince
66%
hard,
66%
hard
66%
baby,
64%
boy
64%
them,
64%
them
64%
dangerous,
63%
follow
62%
or
62%
someone
62%
got
60%
strange
60%
isn't
59%
at
57%
anywhere,
56%
anywhere
56%
price?
56%
define
55%
flawed
55%
world
55%
just
54%
take
54%
if
53%
something
53%
tainted
53%
crazy
52%
i'd
52%
you've
51%
going
50%
grab
50%
babe
36%

Score Distribution

Percentile by Number Answered

Percent of People with Each Score

Your Score History

You have not taken this quiz